000 00493nam a2200193Ia 4500
008 240510s9999 xx 000 0 und d
020 _a0000415216885
041 _aEng
082 _a371.35
082 _bU73
100 _aBURGE, E.J. & HAUGHEY, M. (ED)
245 0 _aUSING LEARNING TECHNOLOGIES: INTERNATIONAL PERSPECTIVES ON PRACTICE
260 _bNEW YORK : ROUTLEDGE
260 _c2001
300 _a159 p.
650 _aEDUCATION : MANAGEMENT
942 _2ddc
942 _cRBK
999 _c27142
_d27142
945 _a1
_bMadushi Gamage
_c1
_dMadushi Gamage